[Event "Pontevedra op-B 6th"]
[Site "Pontevedra"]
[Date "2018.08.10"]
[Round "3"]
[White "Sarhani, Abdellah"]
[Black "Suarez Gomez, Paula"]
[Result "1/2-1/2"]
[WhiteElo "1597"]
[BlackElo "1327"]
[PlyCount "127"]
[EventDate "2018.08.08"]
[EventType "swiss"]
[EventRounds "9"]
[EventCountry "ESP"]
[SourceTitle "CBM 186 Extra"]
[Source "ChessBase"]
[SourceDate "2018.08.24"]
[SourceVersion "1"]
[SourceVersionDate "2018.08.24"]
[SourceQuality "1"]

1. e4 e6 2. d4 d5 3. e5 c5 4. c3 Nc6 5. Nf3 Qb6 6. Be2 Bd7 7. 0-0 c4 8. Nbd2 Nge7 9. Qc2 Ng6 10. g3 Be7 11. Rb1 h5 12. h4 Nf8 13. b3 cxb3 14. Nxb3 Qc7 15. Ne1 0-0-0 16. Nd3 b6 17. Be3 f6 18. f4 Be8 19. Ndc1 Nh7 20. Bd3 Nf8 21. Ne2 Bf7 22. Bd2 Nd7 23. c4 Nb4 24. Bxb4 Bxb4 25. Nd2 Be7 26. Qb3 Rdf8 27. cxd5 Nc5 28. dxc5 Bxc5+ 29. Kh2 exd5 30. Bf5+ Kb8 31. e6 Be8 32. Rfc1 Qd6 33. a4 g5 34. a5 gxh4 35. axb6 hxg3+ 36. Nxg3 axb6 37. Ne2 Rfg8 38. Qb2 Be3 39. Rf1 d4 40. Qxb6+ Qxb6 41. Rxb6+ Kc7 42. Nc4 d3 43. Nxe3 Kxb6 44. Bxd3 Bc6 45. Nd4 Ba8 46. e7 h4 47. Ndf5 h3 48. Rb1+ Kc7 49. Rc1+ Kb6 50. Rb1+ Kc7 51. Rc1+ Kb6 52. Nc4+ Ka7 53. Ra1+ Kb8 54. Rb1+ Kc7 55. Ng3 Rg7 56. Re1 Bc6 57. Na5 Be8 58. Re3 Rgg8 59. Bf5 Rg7 60. Nb3 Kd6 61. Na5 Kc7 62. Nb3 Kd6 63. Na5 Kc7 64. Nb3 1/2-1/2